€100.00m or More Transfer Fee - Sudden Death - Statistics

General Stats
  • This quiz has been taken 90 times
  • The average score is 10 of 16
Answers on the Grid
Answers color-coded by a green-red scale on the quiz's grid according to % correct below.
Antoine Griezmann
Antony
Cristiano Ronaldo
Darwin Núñez
Declan Rice
Eden Hazard
Enzo Fernández
Frenkie de Jong
Gareth Bale
Gonzalo Higuaín
Harry Kane
Jack Grealish
Jadon Sancho
João Félix
Joško Gvardiol
Jude Bellingham
Kai Havertz
Kaká
Kepa Arrizabalaga
Kylian Mbappé
Lionel Messi
Luís Figo
Luis Suárez
Matthijs de Ligt
Moisés Caicedo
Neymar
Ousmane Dembélé
Paul Pogba
Philippe Coutinho
Rodri
Virgil van Dijk
Zinedine Zidane
 
Answer Stats
Answer % Correct
Cristiano Ronaldo
75%
Antoine Griezmann
73%
Neymar
71%
Enzo Fernández
68%
Jack Grealish
68%
Declan Rice
64%
Philippe Coutinho
64%
Kylian Mbappé
63%
Eden Hazard
59%
Ousmane Dembélé
59%
Paul Pogba
58%
Gareth Bale
54%
Jude Bellingham
53%
João Félix
51%
Moisés Caicedo
47%
Harry Kane
36%
No matching quizzes found
Score Distribution
Percent of People with Each Score
Percentile by Number Answered
Your Score History
You have not taken this quiz